Les Capitales - Statistiques

Statistiques générales
  • Ce quiz a été pris 468 fois
  • Le résultat moyen est 13 sur 15
Statistiques - réponses
Hint Réponse % Correct
Madrid Espagne
99%
Alger Algérie
98%
Ottawa Canada
98%
Londres Royaume-Uni
96%
Ankara Turquie
96%
Sofia Bulgarie
95%
Lima Pérou
95%
Wellington Nouvelle-Zélande
92%
Kaboul Afghanistan
91%
Jakarta Indonésie
91%
Hanoï Viet-Nam
90%
Montevideo Uruguay
88%
Oulan-Bator Mongolie
80%
Podgorica Monténégro
76%
Belmopan Belize
56%
Aucun quiz correspondant
Distribution des résultats
% des personnes avec chaque résultat
Percentile par nombre de réponses
Votre historique - résultats
Vous n’avez pas pris ce quiz